Toutes les communes de l'Eure sur une carte - Statistiques

Statistiques générales
  • Ce quiz a été pris 562 fois
  • Le résultat moyen est 88 sur 585
Réponses sur la Carte
Les réponses sont colorées sur une échelle allant du rouge au vert en fonction du pourcentage des utilisateurs qui les ont devinées à leur premier essai. Vous pouvez retrouver ces pourcentages ci-dessous.
 
Statistiques - réponses
Population Commune % Correct
46 869 Évreux
94%
24 056 Vernon
77%
9 654 Bernay
73%
8 055 Les Andelys
68%
18 636 Louviers
67%
9 891 Pont-Audemer
67%
4 484 Mesnil-en-Ouche
65%
12 702 Val-de-Reuil
61%
11 863 Gisors
58%
3 319 La Chapelle-Longueville
57%
6 833 Gaillon
56%
7 374 Verneuil d'Avre et d'Iton
55%
977 Saint-Pierre-de-Bailleul
54%
239 Saint-Pierre-de-Cernières
54%
589 Saint-Pierre-de-Cormeilles
54%
244 Saint-Pierre-de-Salerne
54%
1 634 Saint-Pierre-des-Fleurs
54%
272 Saint-Pierre-des-Ifs
54%
995 Saint-Pierre-du-Bosguérard
54%
589 Saint-Pierre-du-Val
54%
1 240 Saint-Pierre-du-Vauvray
54%
918 Saint-Pierre-la-Garenne
54%
4 254 Le Neubourg
49%
4 950 Conches-en-Ouche
48%
5 042 Pacy-sur-Eure
48%
4 055 Saint-André-de-l'Eure
45%
486 Giverny
44%
202 Le Mesnil-Saint-Jean
43%
591 Sainte-Marie-d'Attez
43%
4 139 Pont-de-l'Arche
42%
3 660 Le Vaudreuil
41%
1 386 Treis-Sants-en-Ouche
38%
237 Saint-Jean-du-Thenney
37%
4 412 Saint-Marcel
37%
247 Saint-Martin-du-Tilleul
37%
102 Saint-Martin-la-Campagne
37%
336 Saint-Martin-Saint-Firmin
37%
1 197 Amfreville-Saint-Amand
36%
4 682 Beuzeville
35%
3 703 Étrépagny
35%
709 Lyons-la-Forêt
35%
6 149 Mesnils-sur-Iton
35%
5 964 Vexin-sur-Epte
35%
443 Amfreville-les-Champs
33%
488 Amfreville-sous-les-Monts
33%
859 Amfreville-sur-Iton
33%
2 791 Beaumont-le-Roger
33%
321 Romilly-la-Puthenaye
33%
3 268 Romilly-sur-Andelle
33%
735 Saint-Aubin-d'Écrosville
33%
335 Saint-Aubin-de-Scellon
33%
370 Saint-Aubin-du-Thenney
33%
2 171 Saint-Aubin-sur-Gaillon
33%
758 Saint-Aubin-sur-Quillebeuf
33%
280 Sainte-Marie-de-Vatimesnil
33%
4 184 Brionne
32%
269 Fleury-la-Forêt
32%
1 826 Fleury-sur-Andelle
32%
872 Saint-Étienne-du-Vauvray
31%
541 Saint-Étienne-l'Allier
31%
386 Saint-Étienne-sous-Bailleul
31%
277 Saint-Paul-de-Fourques
31%
5 561 Saint-Sébastien-de-Morsent
31%
3 939 Bourg-Achard
30%
1 321 Marbois
30%
2 366 Nassandres sur Risle
30%
202 Saint-Germain-de-Fresney
30%
122 Saint-Germain-de-Pasquier
30%
168 Saint-Germain-des-Angles
30%
864 Saint-Germain-la-Campagne
30%
1 179 Saint-Germain-sur-Avre
30%
5 248 Le Val d'Hazey
29%
2 260 Nonancourt
29%
4 038 Grand Bourgtheroulde
28%
4 321 Breteuil
27%
1 747 Igoville
27%
889 Saint-Georges-du-Vièvre
27%
879 Saint-Georges-Motel
27%
1 597 Alizay
26%
4 016 Gravigny
26%
1 397 Incarville
26%
1 143 Poses
26%
80 Saint-Denis-d'Augerons
26%
204 Saint-Denis-des-Monts
26%
491 Saint-Denis-le-Ferment
26%
1 236 Le Perrey
25%
818 Écouis
24%
246 Saint-Laurent-des-Bois
24%
65 Saint-Laurent-du-Tencement
24%
101 Saint-Ouen-de-Pontcheuil
24%
2 452 Saint-Ouen-de-Thouberville
24%
1 747 Saint-Ouen-du-Tilleul
24%
3 017 Guichainville
23%
402 Le Bec-Hellouin
23%
213 Le Bec-Thomas
23%
2 204 Rugles
23%
1 793 Serquigny
23%
1 127 Tourville-la-Campagne
23%
731 Tourville-sur-Pont-Audemer
23%
1 706 Charleval
22%
559 Château-sur-Epte
22%
2 047 La Bonneville-sur-Iton
22%
382 La Chapelle-Bayvel
22%
693 La Chapelle-du-Bois-des-Faulx
22%
410 La Chapelle-Gauthier
22%
117 La Chapelle-Hareng
22%
1 300 Le Bosc du Theil
22%
888 Le Val-Doré
22%
2 620 Pîtres
22%
1 674 Acquigny
21%
1 195 Cormeilles
21%
2 658 Ivry-la-Bataille
21%
1 360 Les Damps
21%
1 571 Les Monts du Roumois
21%
1 304 Andé
20%
315 Bézu-la-Forêt
20%
1 572 Bézu-Saint-Éloi
20%
2 482 Clef Vallée d'Eure
20%
3 065 Gasny
20%
787 Heudebouville
20%
453 La Haye-Aubrée
20%
256 La Haye-de-Calleville
20%
300 La Haye-de-Routot
20%
309 La Haye-du-Theil
20%
136 La Haye-le-Comte
20%
1 388 La Haye-Malherbe
20%
286 La Haye-Saint-Sylvestre
20%
1 801 Perriers-sur-Andelle
20%
418 Saint-Julien-de-la-Liègue
20%
566 Tilly
20%
2 129 Courcelles-sur-Seine
19%
3 686 Ézy-sur-Eure
19%
1 096 Harcourt
19%
2 013 Léry
19%
783 Montfort-sur-Risle
19%
876 Muids
19%
1 137 Pont-Saint-Pierre
19%
1 781 Thiberville
19%
636 Beaumontel
18%
663 Bouafles
18%
1 013 Broglie
18%
338 Criquebeuf-la-Campagne
18%
1 512 Criquebeuf-sur-Seine
18%
1 311 Le Manoir
18%
1 759 Les Trois Lacs
18%
319 Lisors
18%
826 Quillebeuf-sur-Seine
18%
655 Radepont
18%
141 Saint-Benoît-des-Ombres
18%
879 Sainte-Colombe-la-Commanderie
18%
299 Sainte-Colombe-près-Vernon
18%
335 Saint-Vincent-des-Bois
18%
376 Saint-Vincent-du-Boulay
18%
355 Vascœuil
18%
312 Villers-en-Vexin
18%
865 Villers-sur-le-Roule
18%
949 Autheuil-Authouillet
17%
216 Croisy-sur-Eure
17%
1 139 La Madeleine-de-Nonancourt
17%
596 Le Thil
17%
658 Saint-Maclou
17%
444 Saint-Victor-de-Chrétienville
17%
339 Saint-Victor-d'Épine
17%
55 Saint-Victor-sur-Avre
17%
993 Val d'Orger
17%
1 350 Angerville-la-Campagne
16%
1 625 Bueil
16%
222 La Ferrière-sur-Risle
16%
497 Les Thilliers-en-Vexin
16%
838 Le Vieil-Évreux
16%
903 Port-Mort
16%
136 Saint-Christophe-sur-Avre
16%
439 Saint-Christophe-sur-Condé
16%
205 Saint-Cyr-de-Salerne
16%
433 Saint-Cyr-la-Campagne
16%
249 Saint-Luc
16%
1 102 Aviron
15%
351 Fauville
15%
323 Flipou
15%
352 Heuqueville
15%
592 Jouy-sur-Eure
15%
141 Le Thuit
15%
3 734 Le Thuit de l'Oison
15%
1 502 Lieurey
15%
454 Martot
15%
589 Pont-Authou
15%
1 191 Ailly
14%
336 Authou
14%
628 Bacqueville
14%
258 Berville-la-Campagne
14%
680 Berville-sur-Mer
14%
264 Bonneville-Aptot
14%
755 Bosgouet
14%
707 Bourg-Beaudouin
14%
1 188 Bourth
14%
1 080 Claville
14%
661 Condé-sur-Risle
14%
461 Douains
14%
465 Écardenville-la-Campagne
14%
1 162 Ferrières-Haut-Clocher
14%
416 Ferrières-Saint-Hilaire
14%
719 La Neuville-du-Bosc
14%
239 La Roquette
14%
1 889 La Saussaye
14%
497 Manneville-la-Raoult
14%
1 479 Manneville-sur-Risle
14%
1 119 Marcilly-la-Campagne
14%
1 594 Marcilly-sur-Eure
14%
829 Montreuil-l'Argillé
14%
441 Nogent-le-Sec
14%
1 105 Normanville
14%
1 699 Routot
14%
1 520 Terres de Bord
14%
908 Villiers-en-Désœuvre
14%
330 Aclou
13%
989 Appeville-Annebault
13%
1 336 Bourneville-Sainte-Croix
13%
398 Bray
13%
846 Caugé
13%
570 Dangu
13%
1 561 Épaignes
13%
1 967 Garennes-sur-Eure
13%
110 Heudreville-en-Lieuvin
13%
1 073 Heudreville-sur-Eure
13%
235 Houville-en-Vexin
13%
677 Les Baux-de-Breteuil
13%
836 Les Baux-Sainte-Croix
13%
419 Neaufles-Auvergny
13%
1 341 Neaufles-Saint-Martin
13%
650 Quittebeuf
13%
191 Renneville
13%
756 Trouville-la-Haule
13%
966 Vandrimare
13%
329 Vironvay
13%
460 Acon
12%
1 667 Arnières-sur-Iton
12%
338 Asnières
12%
1 155 Barc
12%
783 Bazincourt-sur-Epte
12%
3 718 Bosroumois
12%
123 Corneville-la-Fouquetière
12%
1 371 Corneville-sur-Risle
12%
604 Crosville-la-Vieille
12%
1 374 Croth
12%
439 Douville-sur-Andelle
12%
200 Épreville-en-Lieuvin
12%
454 Épreville-près-le-Neubourg
12%
1 554 Flancourt-Crescy-en-Roumois
12%
835 Gauciel
12%
778 Huest
12%
417 Iville
12%
663 La Vieille-Lyre
12%
231 Le Noyer-en-Ouche
12%
501 Martainville
12%
465 Ménesqueville
12%
1 738 Ménilles
12%
767 Pinterville
12%
207 Porte-de-Seine
12%
510 Rosay-sur-Lieure
12%
890 Saint-Didier-des-Bois
12%
466 Saint-Léger-de-Rôtes
12%
177 Saint-Léger-du-Gennetey
12%
877 Surville
12%
319 Villez-sous-Bailleul
12%
265 Villez-sur-le-Neubourg
12%
154 Aizier
11%
706 Aulnay-sur-Iton
11%
517 Barneville-sur-Seine
11%
186 Beauficel-en-Lyons
11%
644 Brosville
11%
654 Calleville
11%
1 101 Campigny
11%
699 Canappeville
11%
238 Daubeuf-la-Campagne
11%
461 Daubeuf-près-Vatteville
11%
1 714 Frenelles-en-Vexin
11%
785 Hondouville
11%
1 026 Illiers-l'Évêque
11%
580 La Neuve-Lyre
11%
1 525 Menneval
11%
673 Morgny
11%
463 Perruel
11%
968 Prey
11%
496 Sainte-Marthe
11%
530 Saussay-la-Campagne
11%
321 Thibouville
11%
1 059 Tillières-sur-Avre
11%
405 Venon
11%
565 Ambenay
10%
161 Armentières-sur-Avre
10%
306 Bacquepuis
10%
100 Bailleul-la-Vallée
10%
1 238 Bois-le-Roi
10%
854 Boissey-le-Châtel
10%
668 Bosrobert
10%
1 210 Breuilpont
10%
213 Cailly-sur-Eure
10%
407 Chambray
10%
177 Connelles
10%
143 Dardez
10%
748 Fiquefleur-Équainville
10%
1 161 Fontaine-Bellenger
10%
553 Fontaine-l'Abbé
10%
847 Fontaine-sous-Jouy
10%
310 Franqueville
10%
620 Gauville-la-Campagne
10%
124 Gournay-le-Guérin
10%
2 315 La Couture-Boussey
10%
810 Le Boulay-Morin
10%
291 Les Authieux
10%
276 Les Barils
10%
679 Les Hogues
10%
1 043 Les Ventes
10%
262 Le Tilleul-Lambert
10%
690 Le Val-David
10%
471 Marbeuf
10%
634 Miserey
10%
653 Notre-Dame-de-l'Isle
10%
291 Parville
10%
271 Portes
10%
696 Pressagny-l'Orgueilleux
10%
437 Quatremare
10%
519 Reuilly
10%
660 Sainte-Geneviève-lès-Gasny
10%
543 Saint-Éloi-de-Fourques
10%
647 Sainte-Opportune-du-Bosc
10%
435 Sainte-Opportune-la-Mare
10%
173 Saint-Philbert-sur-Boissey
10%
789 Saint-Philbert-sur-Risle
10%
316 Saint-Vigor
10%
491 Surtauville
10%
190 Tilleul-Dame-Agnès
10%
353 Touffreville
10%
176 Vatteville
10%
231 Vézillon
10%
448 Barquet
9%
327 Berthouville
9%
276 Boisney
9%
350 Bois-Normand-près-Lyre
9%
125 Bosquentin
9%
1 204 Boulleville
9%
1 035 Bouquetot
9%
597 Caorches-Saint-Nicolas
9%
385 Chamblac
9%
1 398 Chambois
9%
175 Chambord
9%
288 Champenard
9%
123 Crasville
9%
250 Cuverville
9%
275 Doudeauville-en-Vexin
9%
483 Émalleville
9%
725 Fatouville-Grestain
9%
345 Freneuse-sur-Risle
9%
281 Gamaches-en-Vexin
9%
864 Glisolles
9%
1 294 Hauville
9%
467 Irreville
9%
570 La Vacherie
9%
1 013 Le Fidelaire
9%
236 Le Mesnil-Jourdain
9%
77 Lilly
9%
684 Longchamps
9%
522 Louversey
9%
445 Mainneville
9%
475 Marais-Vernier
9%
194 Neuville-sur-Authou
9%
1 261 Sacquenville
9%
154 Saint-Sulpice-de-Grimbouville
9%
482 Saint-Symphorien
9%
1 299 Sylvains-Lès-Moulins
9%
392 Valailles
9%
639 Vesly
9%
174 Amécourt
8%
448 Authevernes
8%
541 Bâlines
8%
82 Barville
8%
582 Bémécourt
8%
330 Bérengeville-la-Campagne
8%
288 Bernienville
8%
313 Bernouville
8%
171 Bois-Anzeray
8%
689 Bois-Arnault
8%
748 Bois-Jérôme-Saint-Ouen
8%
498 Boisset-les-Prévanches
8%
482 Bournainville-Faverolles
8%
141 Brétigny
8%
417 Capelle-les-Grands
8%
273 Champigny-la-Futelaye
8%
467 Chéronvilliers
8%
242 Collandres-Quincarnon
8%
1 015 Conteville
8%
217 Coudray
8%
717 Courbépine
8%
584 Drucourt
8%
389 Ecquetot
8%
554 Émanville
8%
536 Épégard
8%
347 Épieds
8%
667 Étréville
8%
451 Fains
8%
173 Feuguerolles
8%
664 Foulbec
8%
320 Fresney
8%
604 Glos-sur-Risle
8%
530 Grosley-sur-Risle
8%
272 Harquency
8%
762 Hennezis
8%
132 Herqueville
8%
198 Houetteville
8%
1 271 Houlbec-Cocherel
8%
358 La Neuve-Grange
8%
127 La Trinité
8%
236 La Trinité-de-Réville
8%
424 La Trinité-de-Thouberville
8%
369 Le Tremblay-Omonville
8%
516 Le Tronquay
8%
266 Malleville-sur-le-Bec
8%
595 Mézières-en-Vexin
8%
747 Mouettes
8%
164 Mouflaines
8%
186 Neuilly
8%
341 Nojeon-en-Vexin
8%
248 Noyers
8%
724 Plasnes
8%
640 Puchay
8%
427 Saint-Élier
8%
307 Saint-Grégoire-du-Vièvre
8%
831 Saint-Mards-de-Blacarville
8%
334 Saint-Mards-de-Fresne
8%
431 Saint-Samson-de-la-Roque
8%
194 Sassey
8%
465 Sébécourt
8%
464 Tournedos-Bois-Hubert
8%
305 Tourneville
8%
1 294 Toutainville
8%
564 Vitot
8%
727 Vraiville
8%
420 Aigleville
7%
336 Beaubray
7%
79 Bouchevilliers
7%
526 Bouquelon
7%
652 Brestot
7%
487 Caillouet-Orgeville
7%
105 Chennebrun
7%
774 Cierrey
7%
819 Combon
7%
551 Coudres
7%
575 Crestot
7%
304 Éturqueraye
7%
166 Faverolles-la-Campagne
7%
1 256 Goupil-Othon
7%
1 366 Grossœuvre
7%
473 Guiseniers
7%
420 Hacqueville
7%
623 Hébécourt
7%
861 Illeville-sur-Montfort
7%
224 Juignettes
7%
328 Jumelles
7%
262 La Boissière
7%
425 La Croisille
7%
207 La Houssaye
7%
395 La Lande-Saint-Léger
7%
213 Le Bois-Hellain
7%
180 Le Mesnil-Fuguet
7%
344 Les Bottereaux
7%
207 Letteguives
7%
105 Lorleau
7%
367 Mandres
7%
146 Martagny
7%
53 Mercey
7%
339 Merey
7%
99 Mesnil-sous-Vienne
7%
332 Mesnil-Verclives
7%
329 Nagel-Séez-Mesnil
7%
694 Piseux
7%
401 Pullay
7%
1 038 Rougemontiers
7%
365 Rouge-Perriers
7%
166 Saint-Agnan-de-Cernières
7%
229 Saint-Sylvestre-de-Cormeilles
7%
354 Suzay
7%
431 Valletot
7%
143 Bazoques
6%
181 Boncourt
6%
203 Bretagnolles
6%
339 Breux-sur-Avre
6%
405 Burey
6%
1 086 Caumont
6%
444 Cesseville
6%
276 Chaignes
6%
199 Chaise-Dieu-du-Theil
6%
63 Champ-Dolent
6%
600 Courdemanche
6%
458 Droisy
6%
150 Duranville
6%
601 Écaquelon
6%
345 Farceaux
6%
195 Folleville
6%
375 Gadencourt
6%
470 Grand-Camp
6%
163 Guerny
6%
275 Hardencourt-Cocherel
6%
194 Hecmanville
6%
314 Hécourt
6%
456 Heubécourt-Haricourt
6%
736 Heudicourt
6%
628 La Forêt-du-Parc
6%
450 La Heunière
6%
193 Launay
6%
223 Le Landin
6%
684 Le Lesme
6%
919 Le Plessis-Grohan
6%
443 Le Torpt
6%
169 Le Troncq
6%
502 L'Habit
6%
88 Mesnil-Rousset
6%
912 Mesnil-sur-l'Estrée
6%
229 Moisville
6%
766 Muzy
6%
267 Richeville
6%
260 Rouvray
6%
206 Saint-Antonin-de-Sommaire
6%
173 Sancourt
6%
468 Selles
6%
1 008 Thénouville
6%
268 Vaux-sur-Eure
6%
48 Vieux-Port
6%
350 Villegats
6%
367 Boissy-Lamberville
5%
213 Cauverville-en-Roumois
5%
377 Chauvincourt-Provemont
5%
597 Chavigny-Bailleul
5%
162 Courteilles
5%
110 Écauville
5%
328 Fontaine-la-Louvet
5%
222 Gaudreville-la-Rivière
5%
400 Giverville
5%
211 Hectomare
5%
748 La Baronnie
5%
164 La Poterie-Mathieu
5%
168 La Pyle
5%
373 Le Cormier
5%
171 Le Favril
5%
166 Le Planquay
5%
341 Le Plessis-Sainte-Opportune
5%
393 Les Préaux
5%
342 Lignerolles
5%
161 Livet-sur-Authou
5%
368 Morainville-Jouveaux
5%
634 Mousseaux-Neuville
5%
71 Notre-Dame-d'Épine
5%
194 Notre-Dame-du-Hamel
5%
479 Ormes
5%
299 Saint-Meslin-du-Bosc
5%
155 Tocqueville
5%
163 Vannecrocq
5%
189 Verneusses
5%
164 Villettes
5%
118 Voiscreville
5%
198 Colletot
4%
91 Foucrainville
4%
442 Fouqueville
4%
319 Graveron-Sémerville
4%
707 Honguemare-Guenouville
4%
170 La Goulafrière
4%
618 La Harengère
4%
274 La Noë-Poulain
4%
399 Le Plessis-Hébert
4%
71 Les Places
4%
67 L'Hosmes
4%
224 Louye
4%
317 Mandeville
4%
310 Saint-Siméon
4%
172 Serez
4%
526 Fort-Moville
3%
371 Thierville
3%
193 Fresne-Cauverville
2%
243 Le Theil-Nolent
2%
164 Malouy
2%
89 Mélicourt
2%
111 Morsan
2%
54 Noards
2%
166 Piencourt
2%
205 Plainville
2%
336 Triqueville
2%
Aucun quiz correspondant
Distribution des résultats
% des personnes avec chaque résultat
Percentile par nombre de réponses
Votre historique - résultats
Vous n’avez pas pris ce quiz